Getafe CF Squad 2013-2014 - Statistics

General Stats
  • This quiz has been taken 10 times
  • The average score is 13 of 26
Answer Stats
# Position Nation Player % Correct
7 FW Spain Ángel Lafita
83%
- Coach Romania Cosmin Contra
83%
13 GK Spain Jordi Codina
83%
5 MF Algeria Mehdi Lacen
83%
1 GK Spain Miguel Ángel Moyá
83%
2 DF Spain Alexis Ruano
67%
9 FW Romania Ciprian Marica
67%
14 FW Spain Pedro León
67%
19 MF Croatia Sammir
67%
23 MF Spain Borja Fernández
50%
4 DF Argentina Lisandro López
50%
8 FW Spain Pablo Sarabia
50%
3 DF Spain Roberto Lago
50%
18 DF Spain Sergio Escudero
50%
11 FW Spain Adrián Colunga
33%
17 FW Spain Diego Castro
33%
22 MF Spain Juan Rodríguez
33%
20 DF Spain Juan Valera
33%
25 GK Brazil Júlio César
33%
21 MF Spain Míchel Madera
33%
24 MF Spain Pedro Mosquera
33%
15 DF Spain Rafa López
33%
6 DF Spain Alberto Lopo
17%
12 DF Spain Álvaro Arroyo
17%
10 FW Spain Jaime Gavilán
17%
- Coach Spain Luis García
17%
No matching quizzes found
Score Distribution
Percent of People with Each Score
Percentile by Number Answered
Your Score History
You have not taken this quiz